[Event "Otwarte Mistrzostwa WKSz GANT HETMAN"]
[Site "WKSz GANT HETMAN, ul. Sw. Anto"]
[Date "2011.07.13"]
[Round "1.1"]
[White "Kowalczyk, Rafal"]
[Black "Duszenko, Michal"]
[Result "0-1"]
[WhiteElo "2085"]
[BlackElo "1840"]
[PlyCount "92"]
[EventDate "2011.??.??"]

1. e4 e5 2. Nf3 Nc6 3. Bc4 Nf6 4. d3 Bc5 5. Nc3 d6 6. Bg5 Be6 7. Bb3 Qd7 8. Na4
Bb6 9. c3 Ba5 10. Bxe6 fxe6 11. b4 Bb6 12. O-O O-O 13. Rb1 Ne7 14. c4 Bd4 15.
Nxd4 exd4 16. f4 Ng6 17. Nb2 h6 18. Bxf6 Rxf6 19. g3 Raf8 20. Qh5 Kh7 21. Qe2
Qf7 22. c5 e5 23. f5 Ne7 24. Nc4 b5 25. cxb6 axb6 26. b5 g6 27. g4 gxf5 28.
gxf5 Ng8 29. Rfc1 Qe7 30. a4 R6f7 31. a5 bxa5 32. b6 cxb6 33. Nxb6 Qh4 34. Kh1
Nf6 35. Rg1 Rg8 36. Rxg8 Kxg8 37. Nc4 Nh5 38. Rg1+ Rg7 39. Rxg7+ Kxg7 40. Kg1
Nf4 41. Qf1 Qg4+ 42. Kf2 Qh4+ 43. Kg1 a4 44. Na3 Qh3 45. f6+ Kxf6 46. Qf2 Qg4+
0-1

[Event "Otwarte Mistrzostwa WKSz GANT HETMAN"]
[Site "WKSz GANT HETMAN, ul. Sw. Anto"]
[Date "2011.07.13"]
[Round "1.2"]
[White "Jagiela, Piotr"]
[Black "Kozak, Pawel"]
[Result "1-0"]
[WhiteElo "1808"]
[BlackElo "2019"]
[PlyCount "91"]
[EventDate "2011.??.??"]

1. d4 Nf6 2. c4 c5 3. d5 b5 4. cxb5 a6 5. e3 g6 6. Nc3 Bg7 7. Bc4 O-O 8. Nge2
Qa5 9. Bd2 Qb6 10. a4 axb5 11. axb5 Rxa1 12. Qxa1 Bb7 13. O-O e6 14. e4 Nxe4
15. Nxe4 exd5 16. Ba5 Qa7 17. b6 Qa8 18. Nxc5 dxc4 19. Bc3 Qxa1 20. Rxa1 Bc6
21. Bxg7 Kxg7 22. Nd4 d6 23. Na4 Bxa4 24. Rxa4 Nd7 25. Rxc4 Nxb6 26. Rc6 Rc8
27. Rxc8 Nxc8 28. f4 Kf6 29. Kf2 d5 30. g4 Ke7 31. Ke3 Kd6 32. b4 Nb6 33. Nb5+
Kc6 34. Nc3 Na8 35. Kd4 Nc7 36. Ke5 f6+ 37. Kxf6 d4 38. Ne4 Kd5 39. Nf2 Kc4 40.
f5 gxf5 41. gxf5 Kxb4 42. Ke5 Kc4 43. f6 Nd5 44. h4 h5 45. f7 Nb6 46. Kd6 1-0

[Event "Otwarte Mistrzostwa WKSz GANT HETMAN"]
[Site "WKSz GANT HETMAN, ul. Sw. Anto"]
[Date "2011.07.13"]
[Round "1.3"]
[White "Somyk, Marcin"]
[Black "Palka, Dominika"]
[Result "1-0"]
[WhiteElo "1931"]
[BlackElo "1786"]
[PlyCount "89"]
[EventDate "2011.??.??"]

1. e4 e5 2. Nf3 Nc6 3. Bc4 Nf6 4. d4 exd4 5. e5 d5 6. Bb5 Ne4 7. Nxd4 Bc5 8.
Be3 Bd7 9. Bxc6 bxc6 10. f3 Ng5 11. Nxc6 Bxc6 12. Bxc5 Ne6 13. Ba3 Qg5 14. Qd2
Qxe5+ 15. Kf2 Qd4+ 16. Qxd4 Nxd4 17. Rc1 Nf5 18. c3 O-O-O 19. Bc5 Kb7 20. Bd4
f6 21. Nd2 Rhe8 22. Nb3 Nxd4 23. cxd4 Bb5 24. Nc5+ Kb6 25. Re1 Rxe1 26. Rxe1
Re8 27. Re6+ Rxe6 28. Nxe6 Bc4 29. b3 Bd3 30. Nxg7 c5 31. dxc5+ Kxc5 32. Ke3
Bb1 33. a3 a5 34. Ne6+ Kd6 35. Nd4 Kc5 36. g4 Bg6 37. h4 Bb1 38. g5 fxg5 39.
hxg5 Bg6 40. f4 Bb1 41. f5 Be4 42. b4+ axb4 43. axb4+ Kxb4 44. g6 Bxf5 45. g7
1-0

[Event "Otwarte Mistrzostwa WKSz GANT HETMAN"]
[Site "WKSz GANT HETMAN, ul. Sw. Anto"]
[Date "2011.07.13"]
[Round "1.4"]
[White "Jankowski, Aleksander"]
[Black "White, John"]
[Result "0-1"]
[WhiteElo "1693"]
[BlackElo "1925"]
[PlyCount "114"]
[EventDate "2011.??.??"]

1. e4 e5 2. Nf3 Nc6 3. Bb5 a6 4. Ba4 Nf6 5. O-O Be7 6. d3 b5 7. Bb3 d6 8. h3
Na5 9. Qe2 Nxb3 10. axb3 O-O 11. Rd1 c5 12. Nbd2 Ne8 13. Nf1 f5 14. exf5 Bxf5
15. Ng3 Bg6 16. c3 Nf6 17. d4 exd4 18. cxd4 Qc7 19. dxc5 dxc5 20. Ne5 Rfe8 21.
Nxg6 Bd6 22. Qf3 hxg6 23. Bd2 Bxg3 24. fxg3 Qe5 25. Bc3 Qe3+ 26. Qxe3 Rxe3 27.
Kf2 Re6 28. Bxf6 Rxf6+ 29. Kg1 Re8 30. Re1 Rfe6 31. Rxe6 Rxe6 32. Kf2 Kf7 33.
Rd1 Ke7 34. Rd5 Rc6 35. Ke3 c4 36. bxc4 Rxc4 37. Kd3 Rc1 38. Re5+ Kd7 39. Rg5
Rc6 40. h4 Kc7 41. g4 Kb6 42. h5 a5 43. Kd4 a4 44. Rxg6 Rxg6 45. hxg6 Kc6 46.
Ke5 b4 47. Ke6 a3 48. bxa3 bxa3 49. Kf7 a2 50. Kxg7 a1=Q+ 51. Kf7 Qa2+ 52. Kf8
Kd7 53. g7 Qf2+ 54. Kg8 Ke7 55. Kh7 Qh4+ 56. Kg6 Qxg4+ 57. Kh7 Kf7 0-1

[Event "Otwarte Mistrzostwa WKSz GANT HETMAN"]
[Site "WKSz GANT HETMAN, ul. Sw. Anto"]
[Date "2011.07.13"]
[Round "1.5"]
[White "Labuda, Michal"]
[Black "Kanicki, Krzysztof"]
[Result "1/2-1/2"]
[WhiteElo "1904"]
[BlackElo "1677"]
[PlyCount "138"]
[EventDate "2011.??.??"]

1. e4 c5 2. Nf3 d6 3. d4 cxd4 4. Nxd4 Nf6 5. Nc3 g6 6. Be2 Bg7 7. O-O O-O 8.
Re1 Bd7 9. Bf1 Nc6 10. Nb3 Rc8 11. Nd5 Ne5 12. Bg5 Nxd5 13. exd5 Re8 14. Qd2
Ng4 15. c3 Nf6 16. Rad1 Bf5 17. Bd3 Qd7 18. Bxf5 Qxf5 19. f3 b6 20. Qf4 Qxf4
21. Bxf4 Kf8 22. Kf2 Nd7 23. Nd4 Ne5 24. Bxe5 Bxe5 25. Nc6 Bf6 26. a3 Rc7 27.
Re2 b5 28. Ra1 Rb7 29. a4 Ra8 30. axb5 Rxb5 31. Ra5 Rxa5 32. Nxa5 Rb8 33. Nc6
Rb5 34. Nxa7 Rxd5 35. f4 Rc5 36. Re4 e6 37. Ke2 Ra5 38. Nc8 Ra2 39. Nxd6 Rxb2+
40. Kf3 Bxc3 41. Rc4 Bb4 42. Ne4 Rb3+ 43. Ke2 Be7 44. Rc7 Rb6 45. Kf3 Bd6 46.
Rc8+ Kg7 47. Nxd6 Rxd6 48. Rc3 Rd5 49. g4 h6 50. h4 Kf6 51. g5+ hxg5 52. hxg5+
Kf5 53. Rc7 Rd3+ 54. Ke2 Ke4 55. Rxf7 Re3+ 56. Kd2 Rf3 57. Rf6 Rxf4 58. Rxg6 e5
59. Ra6 Kf5 60. g6 Rg4 61. Ke3 Rg3+ 62. Kf2 Rb3 63. g7 Rb8 64. Ke3 Rg8 65. Ra7
Kg6 66. Ke4 Re8 67. Re7 Rg8 68. Kxe5 Rxg7 69. Rxg7+ Kxg7 1/2-1/2

[Event "Otwarte Mistrzostwa WKSz GANT HETMAN"]
[Site "WKSz GANT HETMAN, ul. Sw. Anto"]
[Date "2011.07.14"]
[Round "2.1"]
[White "Zombirt, Filip"]
[Black "Somyk, Marcin"]
[Result "1/2-1/2"]
[WhiteElo "1864"]
[BlackElo "1931"]
[PlyCount "153"]
[EventDate "2011.??.??"]

1. d4 d6 2. c4 e5 3. d5 f5 4. Nc3 g6 5. e4 f4 6. g3 Qf6 7. Bh3 Bxh3 8. Nxh3 Bh6
9. Qg4 Na6 10. Bd2 Nc5 11. O-O-O a5 12. Kc2 fxg3 13. fxg3 Bxd2 14. Rhf1 Nh6 15.
Qe2 Bf4 16. gxf4 O-O 17. Qg2 Kh8 18. Qg3 exf4 19. Rxf4 Qe7 20. Rdf1 Kg7 21. Ng5
Rxf4 22. Qxf4 Rf8 23. Qxf8+ Qxf8 24. Rxf8 Kxf8 25. Nxh7+ Kg7 26. Ng5 Ng4 27.
Nf3 Ne3+ 28. Kc1 Nxc4 29. b3 Ne3 30. Kd2 Ng4 31. Ke2 Kf6 32. h3 Ne5 33. Nd4 Kg5
34. Kf2 Kh4 35. Kg2 Ncd3 36. Ne6 c6 37. Ne2 Nb4 38. Nc3 Nbd3 39. Ne2 Nb4 40.
Nc3 Nc2 41. Nd8 cxd5 42. exd5 b6 43. Nb7 Ne1+ 44. Kf1 N1d3 45. Kg2 Nf4+ 46. Kf1
Kxh3 47. Nxd6 g5 48. Nc4 Nd7 49. Ne3 g4 50. Ne4 g3 51. Ng5+ Kh2 52. Ng4+ Kh1
53. Nf3 Nxd5 54. a3 Nf4 55. b4 axb4 56. axb4 Nd3 57. Ke2 Nxb4 58. Ke3 Nd5+ 59.
Kd4 N5f6 60. Ne3 Nh5 61. Nd5 Kg2 62. Ke3 b5 63. Nd4 Kh1 64. Ne2 g2 65. Kf2 Nc5
66. Ne3 Nd3+ 67. Kf3 b4 68. Nxg2 b3 69. Ke3 b2 70. Nc3 Nb4 71. Kd4 Ng3 72. Kc4
Ne4 73. Nb1 Kxg2 74. Kxb4 Nf2 75. Kb3 Nd3 76. Kc2 Nc5 77. Kxb2 1/2-1/2

[Event "Otwarte Mistrzostwa WKSz GANT HETMAN"]
[Site "WKSz GANT HETMAN, ul. Sw. Anto"]
[Date "2011.07.14"]
[Round "2.2"]
[White "White, John"]
[Black "Jagiela, Piotr"]
[Result "1-0"]
[WhiteElo "1925"]
[BlackElo "1808"]
[PlyCount "75"]
[EventDate "2011.??.??"]

1. d4 e6 2. c4 c5 3. d5 d6 4. Nc3 e5 5. e4 f5 6. Nf3 Nf6 7. Nd2 Be7 8. Be2 O-O
9. exf5 Bxf5 10. g4 Bd7 11. g5 Ne8 12. Nde4 Na6 13. h4 Nac7 14. a4 a6 15. Bg4
b6 16. Ra3 Rb8 17. Bxd7 Qxd7 18. Rg1 b5 19. axb5 axb5 20. Ra7 bxc4 21. h5 Qf5
22. Qe2 Rb4 23. Qg4 Qxg4 24. Rxg4 Rb8 25. Nd2 Bd8 26. Nxc4 Nb5 27. Nxb5 Rxb5
28. Rd7 Ba5+ 29. Ke2 Bc7 30. Bd2 Rf7 31. Rxf7 Kxf7 32. Bc3 Ke7 33. f4 exf4 34.
Rxf4 Bd8 35. g6 hxg6 36. hxg6 Nf6 37. Bxf6+ gxf6 38. g7 1-0

[Event "Otwarte Mistrzostwa WKSz GANT HETMAN"]
[Site "WKSz GANT HETMAN, ul. Sw. Anto"]
[Date "2011.07.14"]
[Round "2.3"]
[White "Duszenko, Michal"]
[Black "Labuda, Michal"]
[Result "0-1"]
[WhiteElo "1840"]
[BlackElo "1904"]
[PlyCount "64"]
[EventDate "2011.??.??"]

1. e4 c5 2. Nf3 d6 3. d4 cxd4 4. Nxd4 Nf6 5. Nc3 a6 6. Bc4 e6 7. Bb3 b5 8. O-O
Be7 9. Qf3 Qc7 10. Qg3 O-O 11. Bh6 Ne8 12. Rfe1 Kh8 13. Bg5 Bxg5 14. Qxg5 Nf6
15. Rad1 Qc5 16. Qh4 Nc6 17. Nxc6 Qxc6 18. Rd3 b4 19. Nb1 a5 20. Rf3 Rg8 21. c3
Bb7 22. Nd2 g5 23. Qg3 Nh5 24. Qg4 Nf4 25. h4 Nxg2 26. hxg5 Nxe1 27. Rxf7 Rxg5
28. Qxg5 Rg8 29. Rf8 Rxf8 30. Bxe6 bxc3 31. Qe3 Qc5 32. Qh6 Qxf2+ 0-1

[Event "Otwarte Mistrzostwa WKSz GANT HETMAN"]
[Site "WKSz GANT HETMAN, ul. Sw. Anto"]
[Date "2011.07.14"]
[Round "2.4"]
[White "Kanicki, Krzysztof"]
[Black "Kowalczyk, Rafal"]
[Result "0-1"]
[WhiteElo "1677"]
[BlackElo "2085"]
[PlyCount "98"]
[EventDate "2011.??.??"]

1. e4 e5 2. Nf3 Nf6 3. Nc3 Nc6 4. d4 exd4 5. Nxd4 Bb4 6. Nxc6 bxc6 7. Bd3 d5 8.
exd5 cxd5 9. Bg5 c6 10. O-O O-O 11. a3 Bd6 12. Qd2 Bc7 13. Ne2 a5 14. Rfe1 Ba6
15. Qc3 Qd6 16. Bf4 Qd7 17. Bxc7 Qxc7 18. Nd4 c5 19. Nf5 Qb6 20. Bxa6 Rxa6 21.
Qg3 g6 22. Re7 Qxb2 23. Rae1 Ne4 24. Nh6+ Kg7 25. Qf4 Rf6 26. Qe3 Rxf2 27. Rxe4
Rxg2+ 28. Kxg2 Qxc2+ 29. Qe2 Qxe4+ 30. Qxe4 dxe4 31. Ng4 f5 32. Ne3 Rb8 33. Nc4
Rb3 34. Re3 Rxe3 35. Nxe3 Kf6 36. Nc4 Ke6 37. Nxa5 Kd5 38. Kf2 c4 39. Ke3 c3
40. Nb3 g5 41. Nc1 f4+ 42. Ke2 Kc4 43. a4 f3+ 44. Ke3 c2 45. a5 Kb5 46. Nb3 Ka4
47. Nc5+ Kb4 48. Kxe4 Kxc5 49. a6 c1=Q 0-1

[Event "Otwarte Mistrzostwa WKSz GANT HETMAN"]
[Site "WKSz GANT HETMAN, ul. Sw. Anto"]
[Date "2011.07.14"]
[Round "2.5"]
[White "Kozak, Pawel"]
[Black "Jankowski, Aleksander"]
[Result "1-0"]
[WhiteElo "2019"]
[BlackElo "1693"]
[PlyCount "69"]
[EventDate "2011.??.??"]

1. c4 Nf6 2. Nc3 e5 3. g3 Nc6 4. Bg2 Bb4 5. e4 Bxc3 6. bxc3 d6 7. d4 O-O 8. Ne2
Ne8 9. O-O f5 10. f4 fxe4 11. Bxe4 Bh3 12. Re1 Qf6 13. Be3 exf4 14. Nxf4 Bd7
15. Nd5 Qf7 16. Qd3 Nf6 17. Rf1 Bh3 18. Bxh7+ Kh8 19. Bg6 Qd7 20. Nxf6 Rxf6 21.
Rxf6 gxf6 22. Qe4 Kg7 23. Bh5 Bf5 24. Qf4 Rh8 25. Be2 Bg6 26. Rf1 Qe7 27. h4
Nd8 28. h5 Ne6 29. h6+ Kf7 30. Qf3 c6 31. g4 Rg8 32. g5 Nxg5 33. Bxg5 Be4 34.
Qxf6+ Qxf6 35. Rxf6+ 1-0

[Event "Otwarte Mistrzostwa WKSz GANT HETMAN"]
[Site "WKSz GANT HETMAN, ul. Sw. Anto"]
[Date "2011.07.15"]
[Round "3.1"]
[White "Somyk, Marcin"]
[Black "White, John"]
[Result "1-0"]
[WhiteElo "1931"]
[BlackElo "1925"]
[PlyCount "69"]
[EventDate "2011.??.??"]

1. e4 e5 2. Nf3 Nc6 3. Bc4 Nf6 4. d4 exd4 5. e5 d5 6. Bb5 Ne4 7. Nxd4 Bd7 8.
Bxc6 bxc6 9. O-O Bc5 10. f3 Ng5 11. f4 Ne4 12. Be3 Bb6 13. Nd2 Nxd2 14. Qxd2 c5
15. Nb3 d4 16. Bf2 a5 17. Nc1 O-O 18. a4 Bc6 19. b3 Qd5 20. Bg3 c4 21. bxc4
Qxc4 22. Qd3 Qb4 23. f5 Be4 24. Be1 Qb2 25. Qxe4 Qxa1 26. Nd3 Qxa4 27. f6 Qd7
28. Qf4 h6 29. fxg7 Kxg7 30. Qg3+ Kh7 31. Rf6 Rg8 32. Rxh6+ Kxh6 33. Bd2+ Rg5
34. Bxg5+ Kg6 35. Bf6+ 1-0

[Event "Otwarte Mistrzostwa WKSz GANT HETMAN"]
[Site "WKSz GANT HETMAN, ul. Sw. Anto"]
[Date "2011.07.15"]
[Round "3.2"]
[White "Labuda, Michal"]
[Black "Zombirt, Filip"]
[Result "0-1"]
[WhiteElo "1904"]
[BlackElo "1864"]
[PlyCount "60"]
[EventDate "2011.??.??"]

1. e4 c5 2. Nf3 Nc6 3. d4 cxd4 4. Nxd4 Nf6 5. Nc3 e5 6. Ndb5 d6 7. Bg5 a6 8.
Na3 b5 9. Nd5 Be7 10. Bxf6 Bxf6 11. c4 b4 12. Nc2 a5 13. Qf3 Bg5 14. h4 Bh6 15.
g4 Bf4 16. Rd1 Be6 17. Nxf4 exf4 18. c5 O-O 19. Rxd6 Qc7 20. Qxf4 Bxa2 21. Bd3
Ne7 22. e5 Ng6 23. Qe4 Rfe8 24. f4 Qxc5 25. h5 Nxe5 26. Kd1 Nxd3 27. Qxd3 Bb1
28. Rd7 Qc6 29. Rh2 Bxc2+ 30. Rxc2 Qh1+ 0-1

[Event "Otwarte Mistrzostwa WKSz GANT HETMAN"]
[Site "WKSz GANT HETMAN, ul. Sw. Anto"]
[Date "2011.07.15"]
[Round "3.3"]
[White "Kowalczyk, Rafal"]
[Black "Kozak, Pawel"]
[Result "1/2-1/2"]
[WhiteElo "2085"]
[BlackElo "2019"]
[PlyCount "44"]
[EventDate "2011.??.??"]

1. e4 c5 2. c3 e6 3. d4 cxd4 4. cxd4 Nf6 5. Nc3 d5 6. e5 Ne4 7. Bd3 Nc6 8. Nge2
f5 9. f3 Qh4+ 10. g3 Nxg3 11. Nxg3 f4 12. Bxf4 Qxf4 13. Bb5 Qe3+ 14. Nge2 Qxf3
15. Rf1 Qe3 16. Qa4 Bd7 17. Rd1 Be7 18. Rd3 Qh6 19. Rdf3 Rf8 20. h3 Rxf3 21.
Rxf3 Qh5 22. Kf2 Qh4+ 1/2-1/2

[Event "Otwarte Mistrzostwa WKSz GANT HETMAN"]
[Site "WKSz GANT HETMAN, ul. Sw. Anto"]
[Date "2011.07.15"]
[Round "3.4"]
[White "Jagiela, Piotr"]
[Black "Duszenko, Michal"]
[Result "0-1"]
[WhiteElo "1808"]
[BlackElo "1840"]
[PlyCount "80"]
[EventDate "2011.??.??"]

1. d4 Nf6 2. g3 c5 3. c3 cxd4 4. cxd4 d5 5. Bg2 Nc6 6. Nf3 Bf5 7. a3 e6 8. Nh4
Be4 9. f3 Bxb1 10. Rxb1 Qb6 11. Be3 h6 12. Bh3 Bd6 13. Ng2 O-O 14. b4 Qc7 15.
Qd3 Qe7 16. f4 Ne4 17. Bd2 Rac8 18. O-O a5 19. e3 axb4 20. axb4 Nxb4 21. Bxb4
Bxb4 22. Rfd1 Nc3 23. Bg4 Nxd1 24. Bxd1 b6 25. f5 Rc3 26. Qf1 Ba5 27. Bg4 exf5
28. Bxf5 g6 29. Bh3 Qe4 30. Rc1 Rxc1 31. Qxc1 b5 32. Nf4 Rd8 33. Bg2 Qf5 34.
Qc5 Qb1+ 35. Bf1 Bd2 36. Nxd5 Qe1 37. e4 Rxd5 38. exd5 Be3+ 39. Kg2 Qf2+ 40.
Kh3 Qxf1+ 0-1

[Event "Otwarte Mistrzostwa WKSz GANT HETMAN"]
[Site "WKSz GANT HETMAN, ul. Sw. Anto"]
[Date "2011.07.15"]
[Round "3.6"]
[White "Jankowski, Aleksander"]
[Black "Palka, Dominika"]
[Result "1/2-1/2"]
[WhiteElo "1693"]
[BlackElo "1786"]
[PlyCount "32"]
[EventDate "2011.??.??"]

1. e4 e5 2. Nf3 Nc6 3. Bb5 a6 4. Bxc6 dxc6 5. d4 exd4 6. Qxd4 Qxd4 7. Nxd4 c5
8. Ne2 b6 9. Nbc3 Bb7 10. Bf4 O-O-O 11. Rd1 Rxd1+ 12. Kxd1 Nf6 13. f3 Be7 14.
Kc1 Rd8 15. Rd1 Rxd1+ 16. Nxd1 Kd7 1/2-1/2

[Event "Otwarte Mistrzostwa WKSz GANT HETMAN"]
[Site "WKSz GANT HETMAN, ul. Sw. Anto"]
[Date "2011.07.16"]
[Round "4.1"]
[White "Duszenko, Michal"]
[Black "Somyk, Marcin"]
[Result "1/2-1/2"]
[WhiteElo "1840"]
[BlackElo "1931"]
[PlyCount "231"]
[EventDate "2011.??.??"]

1. e4 c5 2. Nf3 Nc6 3. d4 cxd4 4. Nxd4 e5 5. Nb5 d6 6. N1c3 a6 7. Na3 b5 8. Nd5
Nge7 9. Bg5 h6 10. Bh4 Be6 11. c3 Bxd5 12. exd5 Nb8 13. Bxe7 Bxe7 14. Bd3 Qc8
15. O-O O-O 16. f4 f5 17. fxe5 dxe5 18. Kh1 Bxa3 19. bxa3 e4 20. Be2 Qxc3 21.
a4 b4 22. Rc1 Qe5 23. Qb3 Qd6 24. a5 Ra7 25. Rfd1 Kh8 26. Rd4 Rb7 27. Rcc4 Qf4
28. Rxb4 Rxb4 29. Rxb4 Qd2 30. Qc4 Qe1+ 31. Bf1 e3 32. Rb2 Qxa5 33. Qf4 Nd7 34.
Qxe3 Qxd5 35. Bxa6 f4 36. Qd3 Re8 37. Re2 Rc8 38. h3 Rc1+ 39. Kh2 Qc5 40. Re8+
Nf8 41. Rxf8+ Qxf8 42. Qd5 f3 43. Qxf3 Qxf3 44. gxf3 Rc2+ 45. Kg3 Rxa2 46. Bd3
Ra4 47. h4 h5 48. Bg6 Ra5 49. f4 Ra3+ 50. Kg2 Kg8 51. Bxh5 Kf8 52. Bf3 Ke7 53.
Kg3 Kf6 54. Kg4 Ra1 55. Be4 Rg1+ 56. Kf3 Ke6 57. h5 Kd6 58. Kf2 Rg4 59. Kf3 Rh4
60. Bg6 Kc5 61. Ke4 Kd6 62. Bf7 Ke7 63. Bg6 Kf6 64. Kf3 Rh2 65. Kg3 Rh1 66. Kf3
Ke6 67. Ke4 Ra1 68. Kf3 Kd5 69. Kg4 Kd4 70. Kf5 Ra6 71. Kg5 Ke3 72. h6 gxh6+
73. Kxh6 Kxf4 74. Kg7 Kg5 75. Bd3 Ra7+ 76. Kh8 Rd7 77. Bc4 Kg6 78. Bb3 Rc7 79.
Bd5 Rc8+ 80. Bg8 Kf6 81. Kh7 Rc2 82. Kh8 Rh2+ 83. Bh7 Rh4 84. Kg8 Rg4+ 85. Kh8
Rd4 86. Bg8 Rd7 87. Bh7 Kg5 88. Bg8 Kg6 89. Bb3 Rh7+ 90. Kg8 Rc7 91. Kh8 Rh7+
92. Kg8 Rb7 93. Bc2+ Kh6 94. Be4 Rb4 95. Bd3 Rf4 96. Bc2 Kg5 97. Kh8 Kf6 98.
Bd3 Rg4 99. Bc2 Kf7 100. Bd3 Rg8+ 101. Kh7 Rc8 102. Be4 Rc3 103. Kh8 Rc8+ 104.
Kh7 Rd8 105. Bc2 Rd2 106. Bb3+ Kf8 107. Bc4 Rg2 108. Bb3 Ke7 109. Kh8 Rh2+ 110.
Kg7 Rh3 111. Bd5 Rg3+ 112. Kh8 Kf8 113. Be4 Rg5 114. Bd3 Kf7 115. Be4 Rh5+ 116.
Bh7 1/2-1/2

[Event "Otwarte Mistrzostwa WKSz GANT HETMAN"]
[Site "WKSz GANT HETMAN, ul. Sw. Anto"]
[Date "2011.07.16"]
[Round "4.3"]
[White "Kozak, Pawel"]
[Black "Labuda, Michal"]
[Result "0-1"]
[WhiteElo "2019"]
[BlackElo "1904"]
[PlyCount "112"]
[EventDate "2011.??.??"]

1. c4 e5 2. g3 Nf6 3. Bg2 Nc6 4. Nc3 Bb4 5. e4 Bxc3 6. bxc3 O-O 7. d4 d6 8. Ne2
Na5 9. Qd3 b6 10. c5 dxc5 11. d5 c6 12. f4 cxd5 13. fxe5 Nxe4 14. O-O Bb7 15.
Bf4 Qe7 16. h4 h6 17. h5 Rad8 18. Rad1 Ng5 19. Rde1 Nc4 20. Nc1 Qe6 21. Nb3
Nh3+ 22. Kh2 Nxf4 23. gxf4 Qg4 24. Qf3 Qxf3 25. Bxf3 Rfe8 26. Rf2 Nd6 27. Rfe2
Nb5 28. Rc1 Bc8 29. Rg2 Kh7 30. Be2 Nc7 31. Rcg1 Rg8 32. Bd3+ Kh8 33. Nd2 Ne6
34. Rf1 d4 35. c4 Bb7 36. Be4 Bxe4 37. Nxe4 Rgf8 38. f5 Ng5 39. Nxg5 hxg5 40.
Rxg5 f6 41. exf6 Rxf6 42. Rg6 d3 43. Rxf6 gxf6 44. Rd1 d2 45. Kg3 Kg7 46. Kf2
Kh6 47. Ke2 Rd7 48. Ke3 Kxh5 49. Ke2 Kg4 50. Rg1+ Kxf5 51. Kd1 Ke5 52. Rg6 f5
53. Rh6 Ke4 54. Re6+ Kd3 55. Re5 Kxc4 56. Rxf5 Kb4 0-1

[Event "Otwarte Mistrzostwa WKSz GANT HETMAN"]
[Site "WKSz GANT HETMAN, ul. Sw. Anto"]
[Date "2011.07.16"]
[Round "4.4"]
[White "Palka, Dominika"]
[Black "Kowalczyk, Rafal"]
[Result "0-1"]
[WhiteElo "1786"]
[BlackElo "2085"]
[PlyCount "68"]
[EventDate "2011.??.??"]

1. d4 d5 2. c4 dxc4 3. e4 e5 4. Nf3 exd4 5. Bxc4 Nc6 6. O-O Be6 7. Bxe6 fxe6 8.
Qb3 Qd7 9. Qxb7 Rb8 10. Qa6 Nf6 11. Nbd2 Bd6 12. Qd3 O-O 13. Nc4 Ng4 14. h3
Rxf3 15. Qxf3 Nh2 16. Qe2 Nxf1 17. Kxf1 Rf8 18. e5 Bc5 19. Qe4 Qd5 20. Qxd5
exd5 21. Nd2 Nxe5 22. a3 a5 23. b4 axb4 24. Nb3 Bb6 25. a4 c5 26. Bd2 Nd3 27.
f3 c4 28. a5 Ba7 29. Nc1 Nxc1 30. Bxc1 d3 31. Rb1 Bc5 32. Ke1 Re8+ 33. Kd1 c3
34. Rb3 Bf2 0-1

[Event "Otwarte Mistrzostwa WKSz GANT HETMAN"]
[Site "WKSz GANT HETMAN, ul. Sw. Anto"]
[Date "2011.07.16"]
[Round "4.5"]
[White "Kanicki, Krzysztof"]
[Black "Jagiela, Piotr"]
[Result "1/2-1/2"]
[WhiteElo "1677"]
[BlackElo "1808"]
[PlyCount "107"]
[EventDate "2011.??.??"]

1. e4 e6 2. d4 c5 3. d5 d6 4. c4 e5 5. Bd3 g6 6. Nc3 Bg7 7. f4 Ne7 8. Nf3 Nd7
9. f5 Nf6 10. Nh4 h6 11. g4 Nfg8 12. Ng2 Bd7 13. h3 a6 14. Bd2 Qb6 15. b3 Qc7
16. Qe2 O-O-O 17. a3 b6 18. b4 Kb7 19. Rb1 Ka7 20. bxc5 bxc5 21. Kf2 Nf6 22.
Rb2 Rb8 23. Rhb1 Rxb2 24. Rxb2 Rb8 25. Be3 Rxb2 26. Qxb2 Qb6 27. Qxb6+ Kxb6 28.
Kg3 Nh7 29. Bd2 g5 30. Bc2 Bf8 31. Ba4 Bxa4 32. Nxa4+ Kb7 33. Ba5 Nc8 34. Kf3
Be7 35. Ke3 Nf6 36. Kd3 h5 37. Ne3 hxg4 38. hxg4 Nd7 39. Kc3 Nf6 40. Kd3 Nd7
41. Nd1 Nf6 42. Nf2 Kb8 43. Kc3 Kb7 44. Kb3 Nd7 45. Nc3 Nf6 46. Ne2 Nb6 47. Ng3
Nbd7 48. Bd2 Ne8 49. Nh5 Kc7 50. Nh3 f6 51. Nf2 Kc8 52. Ba5 Bd8 53. Bxd8 Kxd8
54. Nd3 1/2-1/2

[Event "Otwarte Mistrzostwa WKSz GANT HETMAN"]
[Site "WKSz GANT HETMAN, ul. Sw. Anto"]
[Date "2011.07.16"]
[Round "5.1"]
[White "Zombirt, Filip"]
[Black "Kowalczyk, Rafal"]
[Result "0-1"]
[WhiteElo "1864"]
[BlackElo "2085"]
[PlyCount "92"]
[EventDate "2011.??.??"]

1. d4 d6 2. Nf3 Nd7 3. c4 e5 4. e4 Ngf6 5. Nc3 g6 6. g3 Bg7 7. Bg2 O-O 8. O-O
c6 9. Qc2 Qc7 10. h3 b5 11. c5 dxc5 12. dxe5 Ne8 13. Be3 Qa5 14. Rfd1 Nc7 15.
Rd2 Ne6 16. Rad1 Nxe5 17. Nxe5 Bxe5 18. Ne2 Bg7 19. f4 Bh6 20. g4 g5 21. f5 Nf4
22. Bxc5 Re8 23. b4 Qc7 24. Nxf4 gxf4 25. Bf3 Bg5 26. Bd6 Qb6+ 27. Kg2 a5 28.
h4 Bxh4 29. Bxf4 Bb7 30. Rh1 Bf6 31. e5 Bxe5 32. Bxe5 Rxe5 33. f6 h5 34. Rxh5
Rxh5 35. gxh5 Kh8 36. Kh1 Qe3 37. Rf2 Qe1+ 38. Kh2 Qe5+ 39. Kh1 Rg8 40. Qe2
Qxf6 41. Qb2 Qxb2 42. Rxb2 axb4 43. Rxb4 Rg3 44. Rf4 Rxf3 45. Rxf3 c5 46. Kg2
c4 0-1

[Event "Otwarte Mistrzostwa WKSz GANT HETMAN"]
[Site "WKSz GANT HETMAN, ul. Sw. Anto"]
[Date "2011.07.16"]
[Round "5.2"]
[White "Somyk, Marcin"]
[Black "Labuda, Michal"]
[Result "1-0"]
[WhiteElo "1931"]
[BlackElo "1904"]
[PlyCount "53"]
[EventDate "2011.??.??"]

1. Nf3 g6 2. g3 Bg7 3. Bg2 Nf6 4. O-O O-O 5. d4 d6 6. c4 c5 7. d5 e6 8. Nc3 Re8
9. Nd2 Na6 10. Re1 Nc7 11. a4 exd5 12. cxd5 Na6 13. Nc4 Nb4 14. Bf4 Bf8 15. Nb5
Ne4 16. f3 a6 17. Nc3 Nf6 18. e4 h6 19. Qd2 g5 20. Be3 Bg7 21. a5 Nh7 22. Na4
Nf8 23. Nxd6 Bxb2 24. Rab1 Qxd6 25. Bxc5 Qf6 26. Rxb2 b5 27. Bd4 1-0

[Event "Otwarte Mistrzostwa WKSz GANT HETMAN"]
[Site "WKSz GANT HETMAN, ul. Sw. Anto"]
[Date "2011.07.16"]
[Round "5.4"]
[White "Kanicki, Krzysztof"]
[Black "Kozak, Pawel"]
[Result "1-0"]
[WhiteElo "1677"]
[BlackElo "2019"]
[PlyCount "51"]
[EventDate "2011.??.??"]

1. e4 c5 2. Nf3 d6 3. d4 cxd4 4. Nxd4 Nf6 5. Nc3 a6 6. Bc4 e6 7. Bb3 Be7 8. Be3
O-O 9. f3 b5 10. Qd2 Qc7 11. O-O-O Nc6 12. h4 Ne5 13. h5 Nc4 14. Bxc4 Qxc4 15.
Kb1 Rd8 16. g4 Nd7 17. g5 Nf8 18. f4 e5 19. Nf5 Bxf5 20. exf5 exf4 21. Bxf4 d5
22. Nxd5 Bc5 23. Qg2 Re8 24. Nf6+ gxf6 25. gxf6+ Ng6 26. hxg6 1-0

[Event "Otwarte Mistrzostwa WKSz GANT HETMAN"]
[Site "WKSz GANT HETMAN, ul. Sw. Anto"]
[Date "2011.07.16"]
[Round "5.5"]
[White "Jagiela, Piotr"]
[Black "Palka, Dominika"]
[Result "1/2-1/2"]
[WhiteElo "1808"]
[BlackElo "1786"]
[PlyCount "77"]
[EventDate "2011.??.??"]

1. c4 e5 2. Nc3 Nf6 3. g3 Bc5 4. Bg2 O-O 5. e3 Re8 6. d3 c6 7. Nge2 d6 8. O-O
Be6 9. d4 Bb6 10. b3 Qd7 11. Re1 Bh3 12. Bh1 e4 13. d5 Na6 14. Bb2 Nc5 15. Nc1
a5 16. a3 Ng4 17. Qc2 f5 18. N3e2 Nxe3 19. fxe3 Nd3 20. Nd4 Nxe1 21. Qe2 Nf3+
22. Bxf3 exf3 23. Qxf3 Re4 24. Nd3 Rae8 25. Re1 Bg4 26. Qf2 Bxd4 27. Bxd4 cxd5
28. c5 Qb5 29. Qd2 dxc5 30. Nxc5 R4e7 31. a4 Qc6 32. Rc1 Qg6 33. Nd3 Qf7 34.
Qxa5 g5 35. Kf2 Qe6 36. Be5 Qf7 37. Bd4 Qe6 38. Ne5 Qd6 39. Nd3 1/2-1/2

[Event "Otwarte Mistrzostwa WKSz GANT HETMAN"]
[Site "WKSz GANT HETMAN, ul. Sw. Anto"]
[Date "2011.07.17"]
[Round "6.1"]
[White "Kowalczyk, Rafal"]
[Black "Somyk, Marcin"]
[Result "1/2-1/2"]
[WhiteElo "2085"]
[BlackElo "1931"]
[PlyCount "137"]
[EventDate "2011.??.??"]

1. e4 d6 2. d4 e5 3. Nf3 Nd7 4. Bc4 Be7 5. Nc3 c6 6. a4 Ngf6 7. Qe2 O-O 8. O-O
Qc7 9. a5 b5 10. axb6 Nxb6 11. Bg5 Nxe4 12. Qxe4 Nxc4 13. Bxe7 Qxe7 14. Qxc6
Be6 15. dxe5 dxe5 16. Nd5 Bxd5 17. Qxd5 Rac8 18. b3 Nb6 19. Qxe5 Qxe5 20. Nxe5
Rxc2 21. Rxa7 Rb2 22. Rb7 f6 23. Nd3 Rd2 24. Nf4 Rd6 25. Re1 Rf7 26. Re8+ Rf8
27. Rxf8+ Kxf8 28. Kf1 Nd7 29. b4 Ke8 30. Ke2 Kd8 31. Ra7 Kc8 32. Ra3 Kb7 33.
Re3 Ne5 34. Nh5 Rd7 35. f4 Nc6 36. Rg3 Nd4+ 37. Ke1 Nf5 38. Rc3 Rd4 39. Rc5 g6
40. Nxf6 Rxb4 41. Rc7+ Kxc7 42. Nd5+ Kd6 43. Nxb4 Kc5 44. Nc2 Kd5 45. Kf2 Ke4
46. g3 h6 47. Ne1 Nd4 48. h4 g5 49. Ng2 Ne6 50. fxg5 hxg5 51. h5 g4 52. Ne3 Ng5
53. Nxg4 Kf5 54. Nh6+ Kf6 55. Ke3 Ne6 56. Ng8+ Kg7 57. Ne7 Kh6 58. Nd5 Ng7 59.
Nf4 Kg5 60. Kf3 Nf5 61. Kg2 Ng7 62. Kf3 Nf5 63. Kg2 Ng7 64. Kf3 Nf5 65. g4 Nh6
66. Ne6+ Kf6 67. Nc5 Kg5 68. Ne4+ Kh4 69. Ng3 1/2-1/2